Inclusión de la Educación Ambiental en el Proyecto Educativo Institucional-PEI (Registro nro. 8841)

Detalles MARC
000 -CABECERA
Campo de control 00817nam a22002177a 4500
005 - FECHA Y HORA DE LA ULTIMA TRANSACCION
Campo de control 20141204084523.0
008 - ELEMENTOS DE LONGITUD FIJA—INFORMACION GENERAL
Campo de control 141127b xxu||||| |||| 00| 0 spa d
040 ## - FUENTE DE CATALOGACIÓN
Agencia transcriptora CO-BoIH
041 ## - IDIOMA
Código de idioma para texto/pista de sonido o título separado Español
044 ## - PAÍS DE PUBLICACIÓN
País de publicación Colombia
090 ## - CLASIFICACIÓN LOCAL
Colección EA
Consecutivo 00171
100 1# - ASIENTO PRINCIPAL--NOMBRE PERSONAL
Nombre personal Cárdenas-Navas, Ana María
245 ## - MENCION DE TITULO
Título Inclusión de la Educación Ambiental en el Proyecto Educativo Institucional-PEI
Mención de responsabilidad Ana María, Cárdenas-Navas
260 ## - PUBLICACION, DISTRIBUCION, ETC. (PIE DE IMPRENTA)
Lugar de publicación, distribución, etc. Bogotá D.C :
Nombre del editor, distribuidor, etc. Corporación Autónoma Regional de Cundinamarca-CAR,
Fecha de publicación, distribución, etc. [Sin fecha]
300 ## - DESCRIPCION FISICA
Extensión 85 pag
Otros detalles físicos Il.
Dimensiones 28 cm.
504 ## - NOTA DE BIBLIOGRAFIA, ETC.
Nota de bibliografía Incluye referencias bibliográficas
650 ## - ASIENTO SECUNDARIO DE MATERIA - TERMINO TEMATICO
Término temático o nombre geográfico como elemento de entrada Medio Ambiente
Subdivisión general Educación
650 ## - ASIENTO SECUNDARIO DE MATERIA - TERMINO TEMATICO
Término temático o nombre geográfico como elemento de entrada Educación Ambiental
Subdivisión general Programas Educativos
650 ## - ASIENTO SECUNDARIO DE MATERIA - TERMINO TEMATICO
Término temático o nombre geográfico como elemento de entrada Proyecto Educativo Institucional-PEI
Subdivisión general Educación Ambiental
942 ## - ELEMENTOS ADICIONALES (KOHA)
Sistema de clasificación Local
Tipo de ítem Libro
Existencias
Withdrawn status Lost status Sistema de Clasificación Damaged status No para préstamo Colección Inventariado Ubicación Permanente Ubicación actual Fecha de adquisición Fuente de Valor Valor Total Checkouts Número topográfico Inventario / Código de Barras Date last seen Ejemplar Price effective from Forma de adquisición Tipo de material
    Local     Educación Ambiental Inventariado 2017 Sala Fabio Quevedo Sala Fabio Quevedo 27/11/2014 Instituto 39000.00   EA-00171 034807 27/11/2014 Ej. 1 27/11/2014   Libro